00654nam a2200169Ia 450000500170000000800410001702000150005808200130007310000160008624500570010226000420015930000130020150001550021494200060036995200940037599900150046920240815044703.0240331s9999 xx 000 0 und d a0602208602 bRICa407 aRichards, H 0aSelection examination english testscHaydn, Richards aAylesburybGinn and Company Ltdc1980 a128 p ., aAs its title implies this book has been specially designed to test the ability in English of children who intend sitting for the selection Examination cL 001040708LaWERCLbWERCLcSSCd2024-03-31l0o 407 RICp611r2024-03-31w2024-03-31yL c3037d3037